Curiosidades - One Piece (Geral) - Statistics

Estatísticas Gerais
  • Esse quiz foi jogado 204 vezes
    192 desde o último reset
  • A pontuação média é 22 de 50
Estatísticas das Respostas
Dica Resposta % Correto
Parente de Ryuma e membro dos Chapéus de Palha. Roronoa Zoro
86%
Único membro dos Chapéus de Palha loiro. Vinsmoke Sanji
85%
Na batalha contra o _____, Luffy despertou o Gear Fifth. Kaido
80%
Navegadora habilidosa dos Piratas do Chapéu de Palha. Nami
76%
Filho adotivo de Tom. Franky
72%
Rena excluída por ter um nariz azul que comeu uma Akuma no Mi. Tony Tony Chopper
70%
Personagem que Mokey D. Garp e Gol D. Roger se juntaram para derrotar. Rocks D. Xebec
65%
Supernova com 2° maior recompensa ao chegar em Sabaody. Monkey D. Luffy (Chapéu de Palha)
64%
Filho de Monkey D. Garp. Monkey D. Dragon
62%
Luffy usou o Gear _____ para abrir um portão em Enies Lobby. Third
60%
Esqueleto que tentou derrotar Big Mom durante o arco Whole Cake Island. Brook
57%
Saga em que Luffy chama Nami para os Chapéus de Palha. East Blue
56%
"Rei" do Mundo. Imu Sama
56%
Membro dos Chapéus de Palha que sabe ler Poneglyphs. Nico Robin
56%
Ilha em que os Chapéus de Palha conheceram Carrot. Zou
55%
Arco em que Nami descobre que Sanji realmente entrou para o bando. Arlong Park
54%
______ deu o Chapéu de Palha para Luffy. Shanks
53%
Principal vilão da Saga Ilha dos Homens-Peixe Hody Jones
52%
Ilha em que Monkey D. Luffy se aliou com Trafalgar D. Water Law para derrotar Kaido. Punk Hazard
52%
Usuário da Ito Ito no Mi. Donquixote Doflamingo
50%
Quem treinou Zoro durante o Time Skip. Dracule Mihawk
50%
Membro dos Piratas das Feras que estava reclamando de Queen no episódio 918. Alber (King)
49%
Arco em que Monkey D. Luffy derrota Gecko Moria. Thriller Bark
48%
Saga em que Charlotte Perospero é apresentado. Ilha Whole Cake
47%
Chapéu de Palha que treinou no Arquipélago de Boin por 2 anos. Usopp
46%
Na batalha contra o ______, Luffy usou o Gear Second pela primeira vez. Blueno
45%
Antigo líder da CP9, que foi derrotado por Nico Robin. Spandam
45%
Usuário de uma Akuma no Mi Paramécia Especial. Charlotte Katakuri
44%
Capitão de Shiryu da Chuva atualmente. Marshall D. Teach (Barba Negra)
41%
Nome da raça que vive em Zou. Minks
41%
Irmão adotivo vivo de Luffy. Sabo
40%
Atual princesa de Dressrosa. Viola
39%
Primeiro (a) inimigo de Luffy no Anime. Alvida
37%
Usuário de Akuma no Mi encontrado por Luffy em Orange Town. Buggy
37%
Arco em que Zoro derrota Pica. Dressrosa
36%
Primeiro Filho do Mar. Jinbe
32%
Arco após Sabaody Archipelago. Amazon Lily
31%
Rei morto logo após do cancelamento do Reverie. Neftari D. Cobra
28%
Principal espadachim dos Piratas da Big Mom. Charlotte Cracker
27%
Arco após Egghead. Elbaph
27%
Filho de Kozuki Oden. Kozuki Momonosuke
27%
Arco em que Nico Robin (Miss All Sunday) aparece pela primeira vez. Whisky Peak
27%
_______ ______ é uma supernova que tem 12 anos. Jewelry Bonney
25%
Comandante da 1° frota do Chapéu de Palha. Cavendish
23%
Segunda tipo do Gear Fourth a ser ativado por Luffy. Gear Fourth: Tankman
22%
Membro do Clã Kozuki teletransportado para o futuro que traiu os Bainhas Vermelhas, atualmente morto. Kurozomi Kanjuro
21%
Nome da região de Wano que fica a fábrica onde Eustass Kid e Monkey D. Luffy ficaram presos durante a Saga do País de Wano. Udon
19%
Onde Nami treinou durante o Timeskip. Weatheria
13%
Comandante da 4° frota do Chapéu de Palha. Ideo
8%
Nome da tripulação que tem como capitão o comandante de alguma das frotas do Chapéu de Palha que gosta loucamente de Luffy. Barto Club
7%
Nenhum quiz correspondente encontrado
Distribuição das Pontuações
Porcentagem de Pessoas com Cada Pontuação
Percentil de Números Respondidos
Sua Pontuação Histórica
Você não jogou esse quiz desde o último reset